| 000 | 00574aam a2200217 4500 | ||
|---|---|---|---|
| 005 | 20170214155235.0 | ||
| 008 | 150311b xxu||||| |||| 00| 0 spa d | ||
| 041 | _aspa | ||
| 082 | _a001.42 A996g | ||
| 100 |
_aAzofeifa, Isacc Felipe _913300 |
||
| 245 | _aGuía para la investigación y desarrollo de un tema | ||
| 260 | _aCosta Rica | ||
| 260 | _bEUCR | ||
| 260 | _c1979 | ||
| 300 | _a78 páginas | ||
| 650 |
_aMÉTODOS DE INVESTIGACIÓN _940179 |
||
| 650 |
_aINVESTIGACIONES _9359 |
||
| 650 |
_aMETODOLOGÍA _9360 |
||
| 650 |
_aCIENCIAS SOCIALES _962 |
||
| 942 | _cBK | ||
| 999 |
_c3868 _d3868 |
||